| 000 | 00483nam a2200169 a 4500 | ||
|---|---|---|---|
| 001 | 000003495 | ||
| 005 | 20200929150448.0 | ||
| 008 | 090709s2009 dr a 001 0 spa d | ||
| 020 | _a9789945162691 | ||
| 040 |
_aDO-SdBNP _bsp _cBNPHU |
||
| 082 |
_axxxx _bP376p |
||
| 100 | 1 |
_aPeguero, Fernando A. _910868 |
|
| 245 | 1 | 0 |
_aPare de ser pobre / _cFernando A. Peguero. |
| 260 |
_aSanto Domingo : _bDogear, _c2009. |
||
| 300 |
_a67 p. : _bil. ; _c21 cm. |
||
| 500 | _aIncluye índice y glosario | ||
| 999 |
_c3323 _d3323 |
||